Statistics for Most Populous Countries with Left-Hand Traffic

Click here to take the quiz!

General Stats

  • This quiz has been taken 26 times
  • The average score is 8 of 10

Answer Stats

Population Country % Correct
1,343,800,000India
100%
203,764,000Pakistan
100%
126,330,000Japan
100%
66,040,229United Kingdom
100%
166,093,000Bangladesh
92%
268,074,600Indonesia
80%
52,214,791Kenya
72%
66,331,667Thailand
68%
57,725,600South Africa
64%
55,890,747Tanzania
64%

Score Distribution

Percentile by Number Answered

Percent of People with Each Score

Your Score History

You have not taken this quiz